Statistics for 5 Longest Rivers in the Middle East

Click here to take the quiz!

General Stats

  • This quiz has been taken 26 times
  • The average score is 2 of 5

Answer Stats

Length Countries River % Correct
1,740Turkey, Syria, Iraq, IranEuphrates
95%
1,150Turkey, Syria, IraqTigris
95%
842TurkeyKizilirmak
10%
666Turkey, Armenia, Azerbaijan, IranAras
5%
512TurkeySakarya
0%

Score Distribution

Percentile by Number Answered

Percent of People with Each Score

Your Score History

You have not taken this quiz